Damso - Signaler - Statistiques

Statistiques générales
  • Ce quiz a été pris 197 fois
  • Le résultat moyen est 305 sur 600
Statistiques - réponses
Réponse % Correct
j
98%
J
98%
t
98%
a
97%
à
97%
s
97%
l
96%
d
94%
de
93%
n
93%
O
93%
m
92%
si
92%
c
91%
je
91%
Je
91%
la
91%
le
91%
signale
88%
ai
86%
les
86%
ma
84%
pas
83%
tout
83%
Tout
83%
G
79%
invite
77%
me
77%
comme
74%
fesses
74%
Jenner
74%
refaire
74%
sur
74%
es
71%
mais
68%
peux
68%
qu
68%
Kylie
66%
separer
63%
nos
62%
rassembler
62%
cœurs
61%
mer
61%
te
59%
y
51%
boule
50%
dans
48%
on
46%
reseaux
46%
ton
45%
veux
45%
vu
45%
ouais
44%
pour
44%
couche
43%
en
39%
moi
39%
videur
38%
allonge
37%
ca
37%
ecoute
36%
plus
36%
Un
36%
un
36%
eh
33%
liste
33%
que
33%
des
32%
Des
32%
suis
32%
douche
31%
ne
31%
par
31%
une
31%
Bien
30%
tu
30%
Tu
30%
Crie
29%
Lune
28%
est
27%
sentiment
27%
loose
26%
chambre
25%
il
25%
doutes
24%
mon
24%
trop
24%
toi
23%
au
22%
amour
21%
attends
21%
donc
21%
et
21%
ferai
21%
fume
21%
maitresses
21%
Non
21%
signe
21%
faire
20%
jusqu
20%
route
20%
vue
20%
ambitieux
19%
casse
19%
continent
19%
derniere
19%
fasse
19%
thune
19%
Yeah
19%
emmenerai
18%
faut
18%
juste
18%
semer
18%
couilles
17%
delinquant
17%
Hoover
17%
Laisse
17%
Larry
17%
Pote
17%
signalee
17%
chance
16%
deja
16%
quand
16%
viens
16%
collier
15%
crois
15%
danse
15%
parles
15%
termine
15%
bulle
14%
compliments
14%
Rien
14%
seul
14%
sol
14%
gousse
13%
oublier
13%
tes
13%
vois
13%
Dangereux
12%
deviens
12%
Accorde
11%
nan
11%
oi
11%
parking
11%
son
11%
aime
10%
dandiner
10%
Du
10%
incontinent
10%
diamants
9%
elle
9%
lacune
9%
sert
9%
solitaire
9%
voir
9%
casses
8%
école
8%
entre
8%
mec
8%
avoir
7%
dit
7%
genoux
7%
racistes
7%
remplir
7%
sacs
7%
seule
7%
souterrain
7%
valises
7%
hotel
6%
lui
6%
rancune
6%
vais
6%
coup
5%
cramer
5%
honnetement
5%
pointilles
5%
reins
5%
brutalise
4%
Cachotteries
4%
essuie
4%
mecanisme
4%
soir
4%
volatilise
4%
Loin
3%
montre
3%
pommettes
3%
Balade
2%
blanc
2%
carriole
2%
derriere
2%
evanouisses
2%
fond
2%
fuck
2%
menottes
2%
rencontre
2%
dirai
1%
Épuise
1%
nue
1%
or
1%
marivole
0%
premiere
0%
prendrai
0%
Aucun quiz correspondant
Distribution des résultats
% des personnes avec chaque résultat
Percentile par nombre de réponses
Votre historique - résultats
Vous n’avez pas pris ce quiz